| 000 | 01500nab a22002657a 4500 | ||
|---|---|---|---|
| 999 |
_c5455 _d5455 |
||
| 003 | OSt | ||
| 005 | 20251023104912.0 | ||
| 008 | 190603e xxum|||| |||| 00| 0 spa d | ||
| 040 | _cPJ | ||
| 100 |
_96459 _aRuano, María Candela |
||
| 245 | 1 | 0 |
_aInmortalidad digital : _bla inteligencia artificial como puente hacia la eternidad virtual. Privacidad, intimidad y los dilemas de la vida digital después de la muerte / _cMaría Candela Ruano. |
| 260 |
_cCiudad Autónoma de Buenos Aires : _aThomson Reuters La Ley, _b2025. |
||
| 300 | _ap. 81-89 | ||
| 500 | _aCita Online: TR LALEY AR/DOC/429/2025. | ||
| 505 | _aSumario: I. Introducción.— II. Inmortalidad digital: la inteligencia artificial como puente hacia la eternidad virtual.— III. Nuevos alcances y perspectivas de los derechos a la privacidad e intimidad.— IV. Más allá de la vida: ¿merece tutela la privacidad e intimidad de la persona después de su muerte?— V. Consideraciones finales. | ||
| 505 | _t¿Te interesa el texto completo? Solicitalo al correo: koha@justierradelfuego.gov.ar | ||
| 650 | 0 |
_96081 _aCIENCIA Y TECNOLOGÍA |
|
| 650 | 0 |
_95817 _aINTELIGENCIA ARTIFICIAL |
|
| 650 | 0 |
_95557 _aDERECHO A LA IMAGEN |
|
| 650 | 0 |
_92724 _aDERECHO A LA INTIMIDAD |
|
| 650 | 0 |
_95585 _aCONSENTIMIENTO |
|
| 650 | 0 |
_91274 _aFIN DE LA EXISTENCIA DE LA PERSONA |
|
| 773 | 0 |
_02713 _93170 _dCiudad Autónoma de Buenos Aires : Thomson Reuters La Ley, 2015- _tRevista Código Civil y Comercial. Nº 2 - Abril 2025 |
|
| 942 |
_2udc _cANA |
||